| 000 | 00479nam a2200157Ia 4500 | ||
|---|---|---|---|
| 005 | 20250521033645.0 | ||
| 008 | 240331s9999 xx 000 0 und d | ||
| 020 | _a955918301x | ||
| 082 |
_bATT _a302.2 |
||
| 100 | _aAttanayake, B | ||
| 245 | 0 | _aKshetra katayuthu sandaha sannivadanaya ha mahajana sambandathavaya | |
| 260 |
_aMinuwangoda _bCentre For Communication Studies _c1994 |
||
| 300 | _a60 p ., | ||
| 500 | _a A book of Field Communication & Public Relations | ||
| 942 | _cL | ||
| 999 |
_c1456 _d1456 |
||